Normal view
MARC view
Entry Personal Name
001 - CONTROL NUMBER
- control field: 6515
003 - CONTROL NUMBER IDENTIFIER
- control field: OSt
005 - DATE AND TIME OF LATEST TRANSACTION
- control field: 20151207142821.0
008 - FIXED-LENGTH DATA ELEMENTS
- fixed length control field: 151207|| aca||aabn | a|a d
040 ## - CATALOGING SOURCE
- Original cataloging agency: OSt
- Transcribing agency: OSt
100 ## - HEADING--PERSONAL NAME
- Personal name: Latham,Claire;Anne ,Miles.
670 ## - SOURCE DATA FOUND
- Source citation: Work cat.: (OSt): Latham,Claire;Anne ,Miles., Communication, Curriculum and classroom practice., 2001
